000 00880cam a22002775a 4500
001 015415323
003 OSt
005 20201128023749.0
008 091012s2010 enka frb 001 0 eng d
020 _a9781405858229 (pbk.)
020 _a1405858222 (pbk.)
040 _aStDuBDS
_beng
_cStDuBDS
_dUk
_dEG-ScBUE
082 0 4 _222
_a306.44
_bFAI
100 1 _aFairclough, Norman,
_d1941-
_940326
245 1 0 _aCritical discourse analysis :
_bthe critical study of language /
_cNorman Fairclough.
250 _a2nd ed.
260 _aOxon ;
_aNew York :
_bRoutledge / Taylor & Francis Group,
_c2010.
300 _axi, 591 p. :
_bill. ;
_c24 cm.
500 _aIndex : p. [582]-591.
504 _aBibliography : p. [558]-581.
650 7 _aSociolinguistics.
_2BUEsh
_939810
651 _2BUEsh
653 _bEEENG
_cJune2016
650 7 _9776
_aDiscourse analysis
_2BUEsh
942 _2ddc
999 _c21958
_d21930